00700nam a2200193 i 450000100060000000300090000600500170001500700030003200800410003510000230007624501100009926000320020930000220024170000470026370000250031085200320033599900170036795201220038437305ES-MaACL20230906155537.0t|030220s1966 sp ||||1| spa d1 aButazzi, R.93293210aManual del vendedor moderno / cR. Butazzi, F. Ubaldini ; traducido por Luis Alfonso Tarabini Castellani. aBilbao : bDeusto, c[1966] a342 p. ; c21 cm.1 aTarabini-Castellani, Luis Alfonso.91092561 aUbaldini, F.9111822 aES-MaACLjC-29779 bR.60239 c37305d37305 00104070aATENEOMbATENEOMcDEPO2d2008-01-17eSCl0oC-29779p1039255r2023-02-23 00:00:00w2023-02-23yMONOGRAFIA